Podi italiani ai Giochi Olimpici Invernali di Torino 2006 - Statistics

Statistiche generali
  • Questo quiz è stato fatto 9 volte
  • Il punteggio medio è 10 su 25
Statistiche sulle risposte
Metallo Sport Specialità M/F Nome % Corretto
Bronzo Short track 3000 m staffetta F Arianna Fontana
100%
Oro Slittino Singolo M Armin Zöggeler
88%
Oro Sci di fondo 50 km M Giorgio Di Centa
88%
Oro Sci di fondo Staffetta 4x10 km M Giorgio Di Centa
88%
Oro Pattinaggio di velocità 1500 m M Enrico Fabris
63%
Oro Pattinaggio di velocità Inseguimento a squadre M Enrico Fabris
63%
Bronzo Pattinaggio di velocità 5000 m M Enrico Fabris
63%
Oro Sci di fondo Staffetta 4x10 km M Pietro Piller Cottrer
63%
Bronzo Sci di fondo Inseguimento 30 km M Pietro Piller Cottrer
63%
Oro Sci di fondo Staffetta 4x10 km M Cristian Zorzi
38%
Oro Sci di fondo Staffetta 4x10 km M Fulvio Valbusa
25%
Bronzo Slittino Doppio M Gerhard Plankensteiner
25%
Oro Pattinaggio di velocità Inseguimento a squadre M Ippolito Sanfratello
25%
Oro Pattinaggio di velocità Inseguimento a squadre M Matteo Anesi
25%
Bronzo Sci di fondo Staffetta 4x5 km F Sabina Valbusa
25%
Bronzo Sci di fondo Staffetta 4x5 km F Antonella Confortola
13%
Bronzo Sci di fondo Staffetta 4x5 km F Arianna Follis
13%
Bronzo Sci di fondo Staffetta 4x5 km F Gabriella Paruzzi
13%
Bronzo Bob Bob a 2 F Gerda Weissensteiner
13%
Bronzo Short track 3000 m staffetta F Katia Zini
13%
Bronzo Short track 3000 m staffetta F Mara Zini
13%
Bronzo Short track 3000 m staffetta F Marta Capurso
13%
Bronzo Slittino Doppio M Oswald Haselrieder
13%
Oro Pattinaggio di velocità Inseguimento a squadre M Stefano Donagrandi
13%
Bronzo Bob Bob a 2 F Jennifer Isacco
0%
Nessun quiz corrispondente trovato
Distribuzione punteggi
Percentuale di utenti per punteggio
Percentile per numero di risposta
I tuoi punteggi nel tempo
Non hai fatto questo quiz